Enfermedades de soja : diagnóstico y manejo /
Guardado en:
| Autor Principal: | |
|---|---|
| Autor Corporativo: | |
| Formato: | Libro |
| Idioma: | Spanish |
| Publicado: |
Buenos Aires :
INTA,
2011.
|
| Acceso en línea: | Acceso a texto completo (formato epub) |
| Etiquetas: |
Agregar Etiqueta
Sin Etiquetas, Sea el primero en etiquetar este registro!
|
| LEADER | 00740nam a22001815a 4500 | ||
|---|---|---|---|
| 001 | EEA.libagro008461 | ||
| 008 | 130809s2011####ag#a##########000#0#spa#d | ||
| 005 | 20200410223234.0 | ||
| 245 | 1 | 0 | |a Enfermedades de soja : |b diagnóstico y manejo / |c Antonio Ivancovich. |
| 260 | |a Buenos Aires : |b INTA, |c 2011. | ||
| 300 | |a 79 p. : |b il., fot. col. ; |c 21 cm. | ||
| 530 | |a Disponible también en línea. | ||
| 020 | |a 9789876790079 | ||
| 100 | 1 | |a Ivancovich, Antonio. | |
| 710 | 2 | |a Instituto Nacional de Tecnología Agropecuaria (Argentina) | |
| 082 | 0 | 4 | |a 633.349 |
| 856 | |3 Acceso a texto completo (formato epub) |u http://inta.gob.ar/sites/default/files/script-tmp-inta%5Fenfermedades%5Fde%5Fsoja.epub | ||
| 859 | |a AR-BbBCA |b BIB. AGRONOMIA |h 633.349 |i I93 |p 2011/5874 | ||
